Statistics for Countries with the Fewest Tourists Per Capita

Click here to take the quiz!

General Stats

  • This quiz has been taken 23,583 times
    (11,697 since last reset)
  • The average score is 13 of 20

Answer Stats

ContinentRatioCountry% Correct
Africa1071D.R. Congo
87%
Africa148Niger
85%
Africa53Sudan
82%
Africa183Chad
81%
Africa97Mali
76%
Africa129Nigeria
73%
South America67Venezuela
68%
Africa120Ethiopia
67%
Africa121Angola
66%
Asia44Iraq
59%
Africa1064Guinea
58%
Asia239Pakistan
57%
Africa45Cameroon
56%
Africa141Burkina Faso
55%
Africa137Sierra Leone
51%
Oceania61Papua New Guinea
50%
Africa45Tanzania
49%
Asia159Bangladesh
48%
Africa105Madagascar
44%
Asia78India
41%

Score Distribution

Percentile by Number Answered

Percent of People with Each Score

Your Score History

You have not taken this quiz since the last reset